US State Capitals Beginning with the Letters of JETPUNK - Statistics

General Stats
  • This quiz has been taken 334 times
  • The average score is 8 of 10
Answer Stats
State Capital % Correct
Mississippi Jackson
91%
Alaska Juneau
88%
Florida Tallahassee
85%
Missouri Jefferson City
82%
Arizona Phoenix
74%
Kansas Topeka
73%
New Jersey Trenton
71%
South Dakota Pierre
70%
Tennessee Nashville
65%
Rhode Island Providence
61%
No matching quizzes found
Score Distribution
Percent of People with Each Score
Percentile by Number Answered
Your Score History
You have not taken this quiz